000 00813nam a2200241Ia 4500
003 GCL
008 140319s9999 xx 000 0 ara d
040 _aGCL /
_cGCL
082 0 4 _a956.462
_bك ح
100 1 _aخالد الجييلى
245 1 0 _aحرب تقرير المصير فى كاراباخ الأرمنية /
_cخالد الجييلى
700 1 _aكوكس , كارولين
700 1 _aايبتر، جون
700 1 _aسان روف، بونر (تقديم)
300 _a104
490 _aسلسلة الدراسات الادبية والتاريخية
_v0
650 0 4 _aالعصر الحديث
650 0 4 _aالاتحاد السوفيتى
650 0 4 _aتفكك
650 0 4 _aارمينيا - تاريخ
650 0 4 _aالاتحاد السوفيتى - تاريخ
942 _2ddc
_cBK
999 _c43846
_d43846